Zámok Hrádocký Liptov

Zobrazenie: V bielom orámovaní pohľad na hrad pomedzi stromy

Bibliographic Details
Format: Postcard
Language:Slovak
PhysicalDescription:1 pohľadnica čiernobiela 14 x 9 cm
Published: [Slovensko?] Kugler a Klimo [1923?]
Subjects:

MARC

LEADER 00000nkm a2200000 a 4500
001 vtls011789378
003 SK-MaSNL
005 20260512122332.0
007 kp bo
008 240703q1923 xo 000 g knslo
015 |a SNBG1923 
035 |a urn:nbn:sk:snk-km00dp39 
035 |a urn:nbn:sk:snk-km3ly7h 
035 |a 693E2F22-AEBE-4430-874C-B52A63BFBA39 
040 |a SNK  |b slo  |c SNK  |e AACR2 
041 0 |a slo 
043 |a e-xo--- 
044 |a xo  |c SK 
072 7 |a 913  |x Regionálna geografia  |2 konspekt 
080 |a 913(437.6)  |2 2011 
080 |a (084.121)  |2 2011 
080 |a 728.81  |2 2011 
245 0 0 |a Zámok Hrádocký  |h grafika  |b Liptov 
260 |a [Slovensko?]  |b Kugler a Klimo  |c [1923?] 
300 |a 1 pohľadnica  |b čiernobiela  |c 14 x 9 cm 
520 8 |a Zobrazenie: V bielom orámovaní pohľad na hrad pomedzi stromy 
610 2 7 |a Liptovský Hrádok (Slovensko : hrad)  |2 SNKKA  |9 165049 
650 0 7 |a hrady  |2 SNKPH  |9 3039 
651 7 |a Liptovský Hrádok (Slovensko)  |2 SNKPHgeo  |9 30565 
655 7 |a miestne pohľadnice  |2 SNKPH  |9 70510 
852 |a Slovenská národná knižnica 
958 |a EUIPO 
958 |a GBN 
958 |a GC 
958 |a OND 
999 |c 600073  |d 602003 
952 |a SNK  |b SNK  |y PREZ  |7 0  |p 17A1232499  |o snkSP 17286  |z Pohľadnica prešla poštou.  |0 0  |1 0  |4 0  |d 2018-11-07  |f 1  |l 0  |r 2026-02-23 15:51:41  |w 2026-02-23